| 000 | 00761nam a22002177b 4500 | ||
|---|---|---|---|
| 003 | 3228 | ||
| 005 | 20251117122228.0 | ||
| 008 | 251117b sa ||||| |||| 00| 0 eng d | ||
| 020 | _a9781783419531 | ||
| 040 |
_aMPL _bEnglish _c3228 _erda |
||
| 041 | _aEnglish | ||
| 082 | 0 | _a372.21 EARLY | |
| 110 |
_9197805 _aPriddy books _eauthor |
||
| 245 |
_aMy early learning box / _cPriddy books |
||
| 260 |
_aLondon: _bPriddy books, _cc2019 |
||
| 300 |
_a1 box ( 4 board books).: _bcolor illustrations; _c30 cm |
||
| 520 | _aA set of four early learning board books introducing babies to basic concepts such as colors, animals, vehicles, and first words. | ||
| 650 | 0 |
_9197813 _aEarly childhood education |
|
| 710 |
_9197815 _aPriddy books _eauthor |
||
| 942 |
_2ddc _cBOOK _w5815 _xPontsho Maoko _y5815 _zPontsho Maoko |
||
| 999 |
_c789316 _d789315 |
||